000 00318nam a22001337a 4500
003 OSt
005 20160727222403.0
008 160623b xxu||||| |||| 00| 0 eng d
040 _cTEST
100 _9751
_aNaisbitt, J
245 _aRe-investing the Corporation
300 _aRe-investing the Corporation
942 _2ddc
_cBK
999 _c602
_d602